[Event "Titled Tuesday intern op 12th Dec Early"]
[Site "Chess.com INT"]
[Date "2023.12.12"]
[Round "1"]
[White "Koellner, Ruben Gideon"]
[Black "Mesa Cruz, Juan Carlos"]
[Result "1-0"]
[WhiteElo "2490"]
[BlackElo "2126"]
[PlyCount "59"]
[EventDate "2023.12.12"]
[EventType "swiss (blitz)"]
[EventRounds "11"]
[EventCountry "USA"]
[SourceTitle "CB51_2023"]
[SourceDate "2023.12.20"]
[SourceVersion "1"]
[SourceVersionDate "2023.12.20"]
[SourceQuality "1"]

1. d4 Nf6 2. Nf3 d5 3. e3 e6 4. Nbd2 b6 5. Ne5 Bd6 6. Bd3 0-0 7. f4 Ba6 8. 0-0 Bxd3 9. cxd3 c5 10. dxc5 bxc5 11. b3 Nfd7 12. Bb2 f6 13. Nxd7 Nxd7 14. e4 Qc7 15. Qf3 Nb6 16. Rac1 Rad8 17. Qg3 a5 18. e5 fxe5 19. fxe5 Be7 20. Nf3 a4 21. Qg4 Qd7 22. Ba3 Rc8 23. Rc2 axb3 24. axb3 Rf5 25. Rfc1 Qb5 26. Nd4 cxd4 27. Rxc8+ Nxc8 28. Rxc8+ Rf8 29. Qxe6+ Kh8 30. Bxe7 1-0

[Event "Titled Tuesday intern op 24th Oct Late"]
[Site "Chess.com INT"]
[Date "2023.10.24"]
[Round "9"]
[White "Mesa Cruz, Juan Carlos"]
[Black "Hajiyev, Kanan"]
[Result "0-1"]
[WhiteElo "2139"]
[BlackElo "2113"]
[PlyCount "62"]
[EventDate "2023.10.24"]
[EventType "swiss (blitz)"]
[EventRounds "11"]
[EventCountry "USA"]
[SourceTitle "Mega2024 Update 01"]
[Source "Chessbase"]
[SourceDate "2023.11.12"]
[SourceVersion "1"]
[SourceVersionDate "2023.11.12"]
[SourceQuality "1"]

1. Nf3 d5 2. g3 c6 3. Bg2 Nf6 4. d3 g6 5. 0-0 Bg7 6. Nbd2 0-0 7. e4 a5 8. a4 Na6 9. e5 Nd7 10. d4 c5 11. c3 cxd4 12. cxd4 Nb4 13. Nb3 Nb6 14. Bd2 Nc4 15. Bc3 Bf5 16. Ne1 h5 17. Nxa5 Qxa5 18. Qb3 b5 19. Bxb4 bxa4 20. Bxa5 axb3 21. Bxd5 Rxa5 22. Rxa5 Nxa5 23. Ng2 Rd8 24. Ne3 e6 25. Bf3 Rxd4 26. Ra1 Nc4 27. Ra4 Bd3 28. Bd1 Bxe5 29. Bxb3 Nxe3 30. Ra8+ Kg7 31. fxe3 Rb4 0-1

[Event "Titled Tuesday intern op 24th Oct Late"]
[Site "Chess.com INT"]
[Date "2023.10.24"]
[Round "5"]
[White "Phillips, Rene"]
[Black "Mesa Cruz, Juan Carlos"]
[Result "0-1"]
[WhiteElo "1852"]
[BlackElo "2139"]
[PlyCount "36"]
[EventDate "2023.10.24"]
[EventType "swiss (blitz)"]
[EventRounds "11"]
[EventCountry "USA"]
[SourceTitle "Mega2024 Update 01"]
[Source "Chessbase"]
[SourceDate "2023.11.12"]
[SourceVersion "1"]
[SourceVersionDate "2023.11.12"]
[SourceQuality "1"]

1. Nf3 d5 2. d4 Nf6 3. Bf4 c5 4. c3 Nc6 5. e3 Qb6 6. Qc1 Bf5 7. Nbd2 h6 8. h3 e6 9. Be2 Be7 10. 0-0 0-0 11. Ne5 Nxe5 12. Bxe5 Nd7 13. Bf4 Rfe8 14. b3 Rac8 15. Qb2 Qa5 16. a4 cxd4 17. cxd4 Bb4 18. Rac1 Bxd2 0-1

[Event "Titled Tuesday intern op 26th Sep Late"]
[Site "Chess.com INT"]
[Date "2023.09.26"]
[Round "9"]
[White "Sultanbek, Zeinep"]
[Black "Mesa Cruz, Juan Carlos"]
[Result "1-0"]
[WhiteElo "2022"]
[BlackElo "2139"]
[PlyCount "61"]
[EventDate "2023.09.26"]
[EventType "swiss (blitz)"]
[EventRounds "11"]
[EventCountry "USA"]
[SourceTitle "EXT 2024"]
[Source "ChessBase"]
[SourceDate "2023.10.10"]
[SourceVersion "1"]
[SourceVersionDate "2023.10.10"]
[SourceQuality "1"]

1. d4 Nf6 2. c4 e6 3. Nf3 d5 4. g3 Be7 5. Bg2 0-0 6. 0-0 dxc4 7. Qc2 a6 8. a4 Bd7 9. Rd1 Bc6 10. Nc3 Nbd7 11. e4 b6 12. d5 exd5 13. e5 Ne4 14. Nxd5 Nec5 15. Nxe7+ Qxe7 16. Ng5 g6 17. Bxc6 Rad8 18. Bxd7 Rxd7 19. Rxd7 Nxd7 20. Qxc4 Nxe5 21. Qh4 h5 22. Qe4 f6 23. Bf4 Re8 24. Bxe5 fxg5 25. Qxg6+ Kf8 26. Bf6 Qf7 27. Qxg5 Re6 28. Bc3 Ke8 29. Rd1 Qf3 30. Rd8+ Kf7 31. Qg8+ 1-0